Indice alfabético por autores de las obras existentes en la Biblioteca del Senado. (Record no. 153841)

MARC details
000 -LEADER
campo de control de longitud fija 00671nam a22001815i 4500
001 - NÚMERO DE CONTROL
campo de control 153841
003 - IDENTIFICADOR DE NÚMERO DE CONTROL
campo de control ES-MaACL
005 - FECHA Y HORA DE LA ÚLTIMA TRANSACCIÓN
campo de control 20230906205414.0
008 - DATOS DE LONGITUD FIJA--INFORMACIÓN GENERAL
campo de control de longitud fija 970326s1882 sp |||| | spa d
040 ## - FUENTE DE CATALOGACIÓN
Centro catalogador/agencia de origen CYL
Lengua de catalogación spa
Centro/agencia transcriptor CYL
110 1# - ENTRADA PRINCIPAL--NOMBRE DE ENTIDAD CORPORATIVA
Nombre de entidad corporativa o nombre de jurisdicción como elemento de entrada España.
Unidad subordinada Cortes Generales.
-- Senado.
-- Biblioteca.
9 (RLIN) 3676
245 10 - MENCIÓN DEL TÍTULO
Título Indice alfabético por autores de las obras existentes en la Biblioteca del Senado.
260 ## - PUBLICACIÓN, DISTRIBUCIÓN, ETC.
Lugar de publicación, distribución, etc. Madrid :
Nombre del editor, distribuidor, etc. [s.n.],
Fecha de publicación, distribución, etc. 1882 (
Fabricante Imp. de la viuda é hijos de J.A. Garcia)
300 ## - DESCRIPCIÓN FÍSICA
Extensión 627 p. ;
Dimensiones 25 cm.
610 1# - PUNTO DE ACCESO ADICIONAL DE MATERIA--NOMBRE DE ENTIDAD CORPORATIVA
Nombre de entidad corporativa o nombre de jurisdicción como elemento de entrada España.
Unidad subordinada Cortes Generales.
-- Senado.
-- Biblioteca-
Subdivisión de forma Catálogos.
9 (RLIN) 222142
852 ## - LOCALIZACIÓN
Ubicación ES-MaACL
Número de control de estantería D-2232
Nota libre -- Enc. hol.
Holdings
Estatus retirado Estado de pérdida Estado de daño No para préstamo Colección Biblioteca de origen Biblioteca actual Ubicación en estantería Fecha de adquisición Fuente de adquisición Total de préstamos Signatura topográfica completa Código de barras Visto por última vez Precio de reemplazo Tipo de ítem Koha
        Libros del s. XIX Biblioteca del Ateneo de Madrid Biblioteca del Ateneo de Madrid Sala Valle Inclán 17/01/2008     D-2232 901160842 23/02/2023 23/02/2023 Libro impreso antiguo